000 00634nam a2200217Ia 4500
001 15119
003 GE_BSU
008 181216s||||||||xx |||||||||||||| ||und||
040 _cGE_BSU
080 _a512.64 (075.8)
100 _aВоеводин,В,В,
245 _aЛинейная алгебра
245 _bУчеб.пособ. для студ.вузов по специаль,прикладная математика
260 _aМосква
260 _bНаука
260 _c1974
300 _a336стр,22см
300 _bбиблиог,стр 334
653 _aЛинейная алгебра
942 _cBK
999 _c48235
_d48235